000 00437nam a2200145Ia 4500
008 240729s9999 xx 000 0 und d
022 _a2572-6544
245 0 _aJournal of Muslim Philanthropy & Civil Society
260 _aUnited States
260 _bIndiana University Press
650 _aHistory (General) and history of Europe
856 _uhttps://doaj.org/toc/b1d7137ea3fa43d7a5fbf92f52d033ed
942 _2ddc
942 _cDOAJEJ
999 _c69970
_d69970
945 _a1
_bMadushi Gamage
_c1
_dMadushi Gamage